000 00420nam a2200157 i 4500
001 83280
003 ES-MaACL
005 20230906174814.0
007 t|
008 041116s1986 xxu ||||1| eng d
020 _a0-8352-2168-7
245 0 0 _aInternational literary market place 1986-87.
260 _aNew York :
_bR. R. Bowker Company,
_c1986.
300 _a564 p. ;
_c28 cm.
852 _aES-MaACL
_jL-10135
_bR.112314
999 _c83280
_d83280